Online
Catalog

Y en tu nombre elevaré mi voz : (Record no. 45972)

MARC details
000 -CABECERA
campo de control de longitud fija 01262nam a2200337 i 4500
001 - NÚMERO DE CONTROL
campo de control 000046483
003 - IDENTIFICADOR DEL NÚMERO DE CONTROL
campo de control DO-SdBNP
005 - FECHA Y HORA DE LA ÚLTIMA TRANSACCIÓN
campo de control 20250528143805.0
007 - CAMPO FIJO DE DESCRIPCIÓN FÍSICA--INFORMACIÓN GENERAL
campo de control de longitud fija ta
008 - DATOS DE LONGITUD FIJA--INFORMACIÓN GENERAL
campo de control de longitud fija 150819s2015 dr 000 0 spa d
020 ## - NÚMERO INTERNACIONAL ESTÁNDAR DEL LIBRO
Número Internacional Estándar del Libro 9789945857863
040 ## - FUENTE DE LA CATALOGACIÓN
Centro catalogador/agencia de origen DO-SdBNP
Lengua de catalogación spa
Centro/agencia transcriptor BNPHU
Normas de descripción rda
041 ## - CÓDIGO DE LENGUA
Código de lengua del texto/banda sonora o título independiente spa
082 #4 - NÚMERO DE LA CLASIFICACIÓN DECIMAL DEWEY
Número de clasificación H841.1
Número de documento/Ítem V623y
Número de edición 22
100 1# - ENTRADA PRINCIPAL--NOMBRE DE PERSONA
Nombre de persona Viau, Jacques,
Fechas asociadas al nombre 1941-1965.
Término indicativo de función/relación autor
Código de función/relación aut.
9 (RLIN) 87901
245 10 - MENCIÓN DE TÍTULO
Título Y en tu nombre elevaré mi voz :
Resto del título Jacques Viau Renaud poesía y homenaje a su gesta /
Mención de responsabilidad, etc. editora, Ángela Hernández Núñez ; prólogo, Andrés L. Mateo.
264 ## - PRODUCCIÓN, PUBLICACIÓN, DISTRIBUCIÓN, FABRICACIÓN Y COPYRIGHT
Producción, publicación, distribución, fabricación y copyright Santo Domingo, República Dominicana :
Nombre del de productor, editor, distribuidor, fabricante Fundación Juan Bosch,
Fecha de producción, publicación, distribución, fabricación o copyright 2015.
300 ## - DESCRIPCIÓN FÍSICA
Extensión 178 páginas :
Otras características físicas ilustraciones ;
Dimensiones 23 cm.
336 ## - TIPO DE CONTENIDO
Término de tipo de contenido texto
Código de tipo de contenido txt
Fuente rdacontent
337 ## - TIPO DE MEDIO
Nombre/término del tipo de medio sin mediación
Código del tipo de medio n
Fuente rdamedia
338 ## - TIPO DE SOPORTE
Nombre/término del tipo de soporte volumen
Código del tipo de soporte nc
Fuente rdacarrier
490 0# - MENCIÓN DE SERIE
Mención de serie Colección Bosch vive ;
Designación de volumen o secuencia 13
500 ## - NOTA GENERAL
Nota general Incluye datos biográficas del autor en la solapa de la cubierta
590 ## - NOTA LOCAL (RLIN)
Nota local Inventariado, 2025
650 #4 - PUNTO DE ACCESO ADICIONAL DE MATERIA--TÉRMINO DE MATERIA
Término de materia o nombre geográfico como elemento de entrada Poesía haitiana
9 (RLIN) 66
650 #4 - PUNTO DE ACCESO ADICIONAL DE MATERIA--TÉRMINO DE MATERIA
Término de materia o nombre geográfico como elemento de entrada Literatura haitiana
9 (RLIN) 67
700 1# - PUNTO DE ACCESO ADICIONAL--NOMBRE DE PERSONA
Nombre de persona Hernández, Ángela,
Fechas asociadas al nombre 1954-
Término indicativo de función/relación editor
Código de función/relación ED.
9 (RLIN) 2564
700 1# - PUNTO DE ACCESO ADICIONAL--NOMBRE DE PERSONA
Nombre de persona Mateo, Andrés L.,
Fechas asociadas al nombre 1946-
Término indicativo de función/relación prólogo
9 (RLIN) 776
910 ## - DATOS DE OPCIÓN DEL USUARIO (OCLC)
Datos de opción del usuario Validado. Control de calidad MFF
942 ## - ELEMENTOS DE PUNTO DE ACCESO ADICIONAL (KOHA)
Fuente del sistema de clasificación o colocación Dewey Decimal Classification
Tipo de ítem Koha Libro
Holdings
Estado de retiro Estado de pérdida Fuente del sistema de clasificación o colocación Restricciones de uso No para préstamo Código de colección Localización permanente Ubicación/localización actual Ubicación en estantería Fecha de adquisición Fuente de adquisición Total de préstamos Signatura topográfica completa Código de barras Fecha visto por última vez Número de copia Precio válido a partir de Tipo de ítem Koha
    Dewey Decimal Classification Préstamo en sala   Dominicana de Servicio Biblioteca Nacional Pedro Henríquez Ureña Biblioteca Nacional Pedro Henríquez Ureña Depósito 19.08.2015 Depósito Legal   BNPHU DS H841.1 V623y 46483-30 25.06.2020 e.3 25.06.2020 Libro
    Dewey Decimal Classification Excluido de préstamo   Patrimonio Dominicano Biblioteca Nacional Pedro Henríquez Ureña Biblioteca Nacional Pedro Henríquez Ureña Depósito 19.08.2015 Depósito Legal   BNPHU PD H841.1 V623y 46483-10 25.06.2020   25.06.2020 Libro
    Dewey Decimal Classification Excluido de préstamo   Patrimonio Dominicano Biblioteca Nacional Pedro Henríquez Ureña Biblioteca Nacional Pedro Henríquez Ureña Depósito 19.08.2015 Depósito Legal   BNPHU PD H841.1 V623y 46483-20 25.06.2020 e.2 25.06.2020 Libro

Powered by Koha